Lasery a fotodetektory /

Saved in:
Bibliographic Details
Main Author: Hábovčík, Peter (Author)
Format: Book
Language:Slovak
Published: Bratislava : SVŠT v Bratislave, 1987
Edition:2.vyd.
Subjects:
Tags: Add Tag
No Tags, Be the first to tag this record!

MARC

LEADER 00000nam a22000003a 4500
001 stu36668
005 20150617225655.9
008 920616s1987----cs------------------slo-d
040 |a STU  |b slo 
041 0 |a slo 
044 |a cs 
080 |a 621.375.826  |7 stu_us_auth*stu9916 
080 |a 621.376.23(075.8) 
100 1 |a Hábovčík, Peter  |4 aut  |u E210  |U FEI Fakulta elektrotechniky a informatiky  |T FEI Katedra mikroelektroniky  |U E210  |Y 68 
245 1 |a Lasery a fotodetektory /  |c [aut.]Peter Hábovčík 
250 |a 2.vyd. 
260 |a Bratislava :  |b SVŠT v Bratislave,  |c 1987 
300 |a 287 s 
650 7 |a lasery  |2 stusub 
650 7 |a fotodetektory  |2 stusub 
996 |b 284M018919  |c M*S-363-1  |l MMKN  |s A  |a 24  |w stu36668_0001 
996 |b 284M018918  |c M*S-363-2  |l MMKN  |s A  |a 24  |w stu36668_0002